000 00797cam a22002414a 4500
001 14170698
005 20180130071603.0
008 051116s2007 nyua j b 001 0 eng
010 _a 2005033232
020 _a1404206930 (library binding)
040 _aDLC
_cDLC
_dDLC
041 _aeng
042 _apcc
080 _a616.546 LEV
082 0 0 _a616.546 LEV
_222
100 1 _a6
101 _aGJEN
245 1 0 _aAlopecia areata /
_cJaney Levy.
504 _aIncludes bibliographical references (p. 56-61) and index.
906 _a7
_bcbc
_corignew
_d1
_eecip
_f20
_gy-gencatlg
942 _2ddc
_cBK
999 _c41288
_d41288